Southville International School and Colleges
Your cart is empty.
  • Cart
  • Lists
    Public lists Eva Luna New books Lux_list list_1
    Your lists Log in to create your own lists
  • Log in to your account
  • Your cookies
  • Search history
Southville International School and Colleges
  • Advanced search
  • Recent comments
  • Most popular
  • Libraries

Log in to your account

Log in with GOOGLE


If you do not have an external account, but do have a local account, you can still log in:

  1. Home
  2. MARC view: Practical guide to antique collecting /
Normal view MARC view ISBD view

Practical guide to antique collecting / (Record no. 35851)

[ view plain ]
MARC details
000 -LEADER
fixed length control field 00769nam a22002531 4500
001 - CONTROL NUMBER
control field 3112727
003 - CONTROL NUMBER IDENTIFIER
control field OSt
005 - DATE AND TIME OF LATEST TRANSACTION
control field 20140311134813.0
008 - FIXED-LENGTH DATA ELEMENTS--GENERAL INFORMATION
fixed length control field 730109t19631961nyua 000 0 eng
010 ## - LIBRARY OF CONGRESS CONTROL NUMBER
LC control number 62020296
040 ## - CATALOGING SOURCE
Original cataloging agency DLC
Transcribing agency DLC
Modifying agency DLC
050 10 - LIBRARY OF CONGRESS CALL NUMBER
Classification number NK 1125
Item number .W741 1961
082 00 - DEWEY DECIMAL CLASSIFICATION NUMBER
Classification number M 708.04
Item number W66 1961
100 1# - MAIN ENTRY--PERSONAL NAME
Personal name Wills, Geoffrey.
245 10 - TITLE STATEMENT
Title Practical guide to antique collecting /
Statement of responsibility, etc Wills, Geoffrey ; drawings by Turvey, A.J.
260 ## - PUBLICATION, DISTRIBUTION, ETC. (IMPRINT)
Place of publication, distribution, etc New York :
Name of publisher, distributor, etc Arc Books Inc.,
Date of publication, distribution, etc c1961.
300 ## - PHYSICAL DESCRIPTION
Extent 161 p.
Other physical details ill. ;
Dimensions 18 cm.
650 #0 - SUBJECT ADDED ENTRY--TOPICAL TERM
Topical term or geographic name as entry element Art objects
General subdivision Collectors and collecting.
650 #0 - SUBJECT ADDED ENTRY--TOPICAL TERM
Topical term or geographic name as entry element Collectors and collecting.
740 ## - ADDED ENTRY--UNCONTROLLED RELATED/ANALYTICAL TITLE
Uncontrolled related/analytical title Antique collecting.
906 ## - LOCAL DATA ELEMENT F, LDF (RLIN)
a 7
b cbc
c orignew
d u
e ocip
f 19
g y-gencatlg
942 ## - ADDED ENTRY ELEMENTS (KOHA)
Source of classification or shelving scheme Library of Congress Classification
Koha item type Books
Call number prefix
Holdings
Withdrawn status Lost status Source of classification or shelving scheme Damaged status Home library Current library Shelving location Date acquired Source of acquisition Total Checkouts Full call number Barcode Date last seen Copy number Price effective from Koha item type
    Library of Congress Classification   Archives Archives   06/07/2013 Donation   NK 1125 .W741 1961 C0696 05/15/2018 1 06/07/2013 Books

Practical guide to antique collecting /

APA

Wills G., . (1961). Practical guide to antique collecting. New York: Arc Books Inc.

Chicago

Wills Geoffrey, . 1961. Practical guide to antique collecting. New York: Arc Books Inc.

Harvard

Wills G., . (1961). Practical guide to antique collecting. New York: Arc Books Inc.

MLA

Wills Geoffrey, . Practical guide to antique collecting. New York: Arc Books Inc. 1961.

  • Place hold
  • Print
  • Cite
  • Add to your cart (remove)
  • Save record
    BIBTEX Dublin Core MARCXML MARC (non-Unicode/MARC-8) MARC (Unicode/UTF-8) MARC (Unicode/UTF-8, Standard) MODS (XML) RIS
  • More searches
    Search for this title in:
    Other Libraries (WorldCat) Other Databases (Google Scholar) Online Stores (Bookfinder.com) Open Library (openlibrary.org)

Exporting to Dublin Core...

SOUTHVILLE LIBRARY

Southville International School and Colleges Library

1281 Tropical Ave. Cor. Luxembourg St., BF Homes International, Las Pinas City

Tel. No. 8256374 / 252358 Loc. 117/146

Powered by Koha